000 00716nam a2200241Ia 4500
003 OSt
005 20221007064054.0
006 a|||||r|||| 00| 0
007 ta
008 221006b |||||||| |||| 00| 0 eng d
024 _a46,213
037 _cTextual
040 _aFLL
_cFLL
_beng
041 _2eng
_aeng
082 _aY:451, Q9
100 _aPURKAYASTHA Bandana Au.
_9685233
245 0 _aHuman trafficking
_b trade for sex, labour, and organs
260 _aCambridge
_bPolity Press UK
_c2019
300 _a211p. ix
_ccm.
700 _a YOUSAF Farhan Navid Au.
_9685234
942 _hY:451, Q9
_cTEXL
_2CC
999 _c1132916
_d1132916